| 000 | 00668nam a22002417a 4500 | ||
|---|---|---|---|
| 003 | OSt | ||
| 005 | 20140310182927.0 | ||
| 008 | 130130t xxu||||| |||| 00| 0 eng d | ||
| 020 | _a9712314693 | ||
| 050 |
_aLB2331 _b.B918 2000 |
||
| 082 |
_aFIL378.9599 _bB85 2000 |
||
| 245 |
_aCollege Teaching in the Philippines _cColendrino-Bucu, Luz , Reyes, Feliciana A., San Mateo, Rosalinda A. |
||
| 260 |
_aManila _bRex Book Store _cc1994 |
||
| 300 |
_aviii, 280 p. _c22 cm. |
||
| 521 | _acollege students | ||
| 526 | _c1210L-1700L | ||
| 541 | _j1 | ||
| 541 | _j2 | ||
| 541 | _j3 | ||
| 541 | _j4 | ||
| 562 | _e4 | ||
| 942 |
_2lcc _cBK _kFIL |
||
| 999 |
_c17439 _d17439 |
||